Meilleurs buteurs LOSC - Statistiques

Statistiques générales
  • Ce quiz a été pris 264 fois
  • Le résultat moyen est 5 sur 15
Statistiques - réponses
Nombre de buts Réponse % Correct
53 Jonathan David
97%
50 Eden Hazard
93%
37 Nicolas Pépé
65%
36 Moussa Sow
55%
36 Gervinho
48%
37 Nolan Roux
40%
34 Salomon Kalou
37%
37 Yohan Cabaye
20%
39 Matt Moussilou
12%
44 Djezon Boutoille
4%
38 Laurent Peyrelade
2%
62 Pierre Pleimelding
1%
35 Christian Coste
0%
44 Erwin Vandenbergh
0%
34 Roberto Cabral
0%
Aucun quiz correspondant
Distribution des résultats
% des personnes avec chaque résultat
Percentile par nombre de réponses
Votre historique - résultats
Vous n’avez pas pris ce quiz